| 000 | 00594nam a2200193Ia 4500 | ||
|---|---|---|---|
| 005 | 20250326141835.0 | ||
| 008 | 250326s9999 xx 000 0 und d | ||
| 020 | _a1-85043-105-1 | ||
| 037 | _aTextbook | ||
| 040 |
_aFMSL _beng _cFMSL |
||
| 041 |
_aeng _2eng |
||
| 084 |
_aX.1x M8 _qFMSL |
||
| 100 |
_aHadjor Kofi Buenor Ed. _922920 |
||
| 245 | 0 |
_aNew perspectives in north south dialogue: Essays in honour of olof palme _cHadjor Kofi Buenor Ed. |
|
| 260 |
_aLondon _bLondon, I B Tauris & co. _c1988 |
||
| 300 | _axxii,343 | ||
| 942 |
_cTB _hX.1x M8 |
||
| 999 |
_c1292231 _d1292231 |
||